000 00579nam a2200169Ia 4500
008 090201s9999 xx 000 0 und d
010 _aKPL-28161
040 _bमराठी
041 _aमराठी
082 _a28975
_b28161
100 _aकल्याण श्रीपाद
245 _aश्री दत्त भक्तीदर्शन
_cकल्याण श्रीपाद
260 _c2004
_bअ वा मराठे
300 _a26
_bमोठा
600 _aश्री दत्त भक्तीदर्शन
942 _cBOOK
999 _c227634
_d227634